Normal view
MARC view
Entry Topical Term
001 - CONTROL NUMBER
- control field: 33572
003 - CONTROL NUMBER IDENTIFIER
- control field: ARRUPE
005 - DATE AND TIME OF LATEST TRANSACTION
- control field: 20170727082649.0
008 - FIXED-LENGTH DATA ELEMENTS
- fixed length control field: 170727|| aca||aabn | a|a d
040 ## - CATALOGING SOURCE
- Original cataloging agency: ARRUPE
- Transcribing agency: ARRUPE
150 ## - HEADING--TOPICAL TERM
- Topical term or geographic name as entry element: Verification (Empiricism)
670 ## - SOURCE DATA FOUND
- Source citation: Work cat.: (ARRUPE)6463: Corradini, Antonella (ed) 33569, Analytic philosophy without naturalism, 2006